Theory of the Earth's Interior (Record no. 2880)

MARC details
000 -LEADER
fixed length control field 00503nam a2200169Ia 4500
003 - CONTROL NUMBER IDENTIFIER
control field IN-BaIIA
008 - FIXED-LENGTH DATA ELEMENTS--GENERAL INFORMATION
fixed length control field 211028s9999 xx 000 0 eng d
040 ## - CATALOGING SOURCE
Transcribing agency IIA Library
080 ## - UNIVERSAL DECIMAL CLASSIFICATION NUMBER
Universal Decimal Classification number 550.3
Item number TAK
100 ## - MAIN ENTRY--PERSONAL NAME
Personal name Takeuchi, Hitoshi
9 (RLIN) 5142
245 #0 - TITLE STATEMENT
Title Theory of the Earth's Interior
Statement of responsibility, etc. Hitoshi Takeuchi
260 ## - PUBLICATION, DISTRIBUTION, ETC.
Place of publication, distribution, etc. London
Name of publisher, distributor, etc. Blaisdell Publishing
Date of publication, distribution, etc. 1966
300 ## - PHYSICAL DESCRIPTION
Extent viii, 131p.
650 ## - SUBJECT ADDED ENTRY--TOPICAL TERM
Topical term or geographic name entry element Astronomy and Astrophysics Thesaurus
650 ## - SUBJECT ADDED ENTRY--TOPICAL TERM
Topical term or geographic name entry element Earth
942 ## - ADDED ENTRY ELEMENTS (KOHA)
Koha item type Books
Holdings
Withdrawn status Lost status Damaged status Not for loan Home library Current library Shelving location Date acquired Cost, normal purchase price Total Checkouts Full call number Barcode Date last seen Cost, replacement price Price effective from Koha item type Purchase Price
        IIA Library-Bangalore IIA Library-Kodaikanal General Stacks 30/03/1967 46.80   550.3/ TAK 3204 05/11/2021 46.80 30/03/1967 Books Rs. 46.80

Powered by Koha